Statistics for Eurovision Song Contest Winners

Click here to take the quiz!

General Stats

  • This quiz has been taken 5,716 times
    (5,675 since last reset)
  • The average score is 53 of 57

Answer Stats

HintAnswer% Correct
1969Spain, United Kingdom, Netherlands, France
100%
1967 | 1976 | 1981 | 1997United Kingdom
99%
1974 | 1984 | 1991 | +2 othersSweden
99%
1985 | 1995 | 2009Norway
98%
2008Russia
97%
1970 | 1980 | 1987 | +4 othersIreland
97%
1982 | 2010Germany
97%
1958 | 1960 | 1962 | 1977France
96%
2006Finland
96%
1963 | 2000Denmark
95%
1966Austria
95%
1968Spain
95%
1964 | 1990Italy
94%
2004Ukraine
93%
1957 | 1959 | 1975Netherlands
93%
1956 | 1988Switzerland
92%
2005Greece
92%
2007Serbia
88%
1978 | 1979 | 1998Israel
88%
2001Estonia
88%
1986Belgium
88%
2002Latvia
87%
2003Turkey
87%
2011Azerbaijan
84%
1961 | 1965 | 1972 | +2 othersLuxembourg
83%
1989Yugoslavia
70%
1971Monaco
68%

Score Distribution

Percentile by Number Answered

Percent of People with Each Score

Your Score History

You have not taken this quiz since the last reset